00379nam a2200157Ia 450000100040000000500170000400800410002104100080006208200200007010000330009024500450012326000090016830000280017765000080020565400080021396420260306140557.0260306t1997||||xx |||||||||||||| ||spa|| aESP a174.4bS29 1997 aSchmidt, Eduardo, 1939-eAUT 0aÉtica y negocios para América Latina c1997 a587 páginas :c21 cm. aGEN aCHU